00713nam a2200193 a 450000100100000000500170001000800410002702000150006804000250008308200130010810000340012124500500015526000760020530000210028150000740030204900090037695201170038599900170050200002433620200930022924.0110126s1997 mx r 001 0 spa d a9682997763 aDO-SdBNPbspacBNPHU ann*bnn*1 aPeña, Ernesto de la.94991213aEl centro sin orilla /cErnesto de la Peña. aMéxico, D. F. :bConsejo Nacional para la Cultura y las Artes,c1997. a239 p. ;c21 cm. aIncluye referencias bibliográficas y notas al pie de las páginas. aBNGR 001054708MOaGRbGRcCTd2011-01-26iLF1l0onn* nn*p24336-10r2020-06-25w2020-06-25y4ZPréstamo en sala c23829d23829